| 000 | 00617nam a2200241Ia 4500 | ||
|---|---|---|---|
| 003 | OSt | ||
| 005 | 20220918191734.0 | ||
| 006 | a|||||r|||| 00| 0 | ||
| 007 | ta | ||
| 008 | 220917b |||||||| |||| 00| 0 eng d | ||
| 024 | _a64,901 | ||
| 037 | _cTextual | ||
| 040 |
_aARTS _cARTS _beng |
||
| 041 |
_2eng _aeng |
||
| 082 | _aQ4:3, N2 (Q4) | ||
| 100 |
_aWadia A S _977090 |
||
| 245 | 0 | _aMessage of Buddha | |
| 260 |
_aDelhi _bBooks faith India _c1938 |
||
| 300 |
_axvii,238p. _ccm. |
||
| 650 | _aBUDDHISM; RELIGION | ||
| 942 |
_hQ4:3, N2 (Q4) _cTEXL _2CC |
||
| 999 |
_c191244 _d191244 |
||